[Event "9. Lichtenberger Sommer 2010"]
[Site "Berlin"]
[Date "2010.08.15"]
[Round "9.1"]
[White "Braun, Arik"]
[Black "Rabiega, Robert"]
[Result "1/2-1/2"]
[WhiteElo "2527"]
[BlackElo "2508"]
[PlyCount "29"]
[EventDate "2010.??.??"]
[WhiteTeam "SC Eppingen"]
[BlackTeam "SK König Tegel 1949 e.V."]

1. d4 d5 2. Nf3 Nf6 3. c4 dxc4 4. e3 e6 5. Bxc4 c5 6. O-O a6 7. Qe2 b5 8. Bd3
cxd4 9. exd4 Bb7 10. a4 bxa4 11. Rxa4 Be7 12. Nbd2 O-O 13. Nc4 Nc6 14. Rd1 Nb4
15. Bb1 1/2-1/2

[Event "9. Lichtenberger Sommer 2010"]
[Site "Berlin"]
[Date "2010.08.15"]
[Round "9.2"]
[White "Brustkern, Jürgen"]
[Black "Stern, René"]
[Result "1/2-1/2"]
[WhiteElo "2266"]
[BlackElo "2490"]
[PlyCount "59"]
[EventDate "2010.??.??"]
[WhiteTeam "SK Zehlendorf e.V."]
[BlackTeam "SK König Tegel 1949 e.V."]

1. e4 e5 2. Nf3 Nc6 3. d4 exd4 4. c3 dxc3 5. Bc4 d6 6. Nxc3 Nf6 7. Qb3 Qd7 8.
Ng5 Nd8 9. f4 h6 10. Nf3 Nc6 11. e5 Nh7 12. Bd5 dxe5 13. fxe5 Nb4 14. e6 fxe6
15. Be4 Bd6 16. Bg6+ Ke7 17. O-O Nf6 18. Re1 Rd8 19. Kh1 Kf8 20. Nd4 e5 21. Bf5
Qf7 22. Ne6+ Kg8 23. Rf1 Re8 24. Nxg7 Qxb3 25. Nxe8 Qf7 26. Nxf6+ Kg7 27. Nce4
Bxf5 28. Rxf5 Qg6 29. Rf3 Nd5 30. Bxh6+ 1/2-1/2

[Event "9. Lichtenberger Sommer 2010"]
[Site "Berlin"]
[Date "2010.08.15"]
[Round "9.3"]
[White "Richter, Michael"]
[Black "Dauth, Benjamin"]
[Result "0-1"]
[WhiteElo "2428"]
[BlackElo "2291"]
[PlyCount "158"]
[EventDate "2010.??.??"]
[WhiteTeam "Schachpinguine Berlin e.V."]
[BlackTeam "SC Rotation Pankow e.V."]

1. d4 f5 2. g3 Nf6 3. Bg2 e6 4. Nf3 Be7 5. O-O O-O 6. c4 d5 7. b3 Ne4 8. Bb2 c6
9. Ne5 Nd7 10. Nd3 b5 11. f3 Nd6 12. c5 Nf7 13. e4 a5 14. Nd2 Ra7 15. Qe2 Bg5
16. Rae1 Qc7 17. e5 Nh8 18. f4 Bd8 19. g4 Nb8 20. Kh1 fxg4 21. Qxg4 Nf7 22. Bh3
Nh6 23. Qg2 Nf5 24. Bxf5 Rxf5 25. Rf3 Nd7 26. Nf1 Nf8 27. Ne3 Rh5 28. Rg1 Qf7
29. Rh3 Kh8 30. Qg4 Rxh3 31. Qxh3 Ng6 32. Rf1 Nh4 33. Bc3 b4 34. Be1 Ba6 35.
Bxh4 Bxh4 36. Qxh4 Bxd3 37. Qd8+ Qg8 38. Qxg8+ Kxg8 39. Rf2 a4 40. bxa4 Rxa4
41. Rb2 Bc4 42. Nc2 Kf7 43. Nxb4 Bb5 44. Kg2 Kg6 45. Kf3 Kf5 46. Rb3 h6 47. a3
g5 48. fxg5 hxg5 49. h3 Ra8 50. Nc2 Kg6 51. Re3 Rf8+ 52. Kg3 Kh5 53. Ne1 Rf4
54. Nf3 Ba4 55. Rd3 Bb5 56. Rd2 Re4 57. Kf2 g4 58. hxg4+ Kxg4 59. Ne1 Rf4+ 60.
Ke3 Rf1 61. Nd3 Rf3+ 62. Ke2 Rh3 63. a4 Rh2+ 64. Ke3 Rh3+ 65. Ke2 Bc4 66. Rd1
Rh2+ 67. Ke3 Rh3+ 68. Ke2 Rg3 69. a5 Rh3 70. Rg1+ Kf5 71. Rf1+ Kg5 72. Rg1+ Kh6
73. Rd1 Kg7 74. Rd2 Kf7 75. Rd1 Ke7 76. Rd2 Kd7 77. Rd1 Kc7 78. Rd2 Kb7 79. Rd1
Ka6 0-1

[Event "9. Lichtenberger Sommer 2010"]
[Site "Berlin"]
[Date "2010.08.15"]
[Round "9.4"]
[White "Kapp, Martin"]
[Black "Figura, Atila Gajo"]
[Result "1-0"]
[WhiteElo "2171"]
[BlackElo "2403"]
[PlyCount "55"]
[EventDate "2010.??.??"]
[WhiteTeam "TSV IFA Chemnitz"]
[BlackTeam "SC Kreuzberg e.V."]

1. d4 Nf6 2. c4 e6 3. Nc3 Bb4 4. e3 O-O 5. Bd3 d5 6. Nf3 c5 7. cxd5 Nxd5 8. O-O
Nxc3 9. bxc3 Bxc3 10. Bxh7+ Kh8 11. Rb1 Kxh7 12. Qd3+ Kg8 13. Qxc3 cxd4 14.
exd4 f6 15. Rb5 Qe8 16. Qb3 b6 17. Re1 Bd7 18. Rd5 Ba4 19. Qa3 exd5 20. Rxe8
Bxe8 21. Qe7 Bf7 22. Ba3 Nc6 23. Qd7 Rfc8 24. g4 Na5 25. g5 Rd8 26. Qf5 Nc4 27.
gxf6 gxf6 28. Be7 1-0

[Event "9. Lichtenberger Sommer 2010"]
[Site "Berlin"]
[Date "2010.08.15"]
[Round "9.5"]
[White "Muse, Drazen"]
[Black "Kohler, Thomas"]
[Result "1/2-1/2"]
[WhiteElo "2378"]
[BlackElo "2246"]
[PlyCount "57"]
[EventDate "2010.??.??"]
[WhiteTeam "SK König Tegel 1949 e.V."]
[BlackTeam "SC Zitadelle Spandau 1977 e.V."]

1. d4 Nf6 2. Nf3 g6 3. Bf4 Bg7 4. e3 O-O 5. Be2 c5 6. c3 b6 7. Na3 Bb7 8. O-O
d6 9. h3 Nbd7 10. Bh2 a6 11. b4 cxb4 12. cxb4 b5 13. Nb1 Nb6 14. Nc3 Rc8 15.
Qb3 Nfd5 16. Nxd5 Bxd5 17. Qa3 Na4 18. Rfc1 Qd7 19. Bd1 Rxc1 20. Rxc1 Rc8 21.
Bb3 Nb6 22. Rxc8+ Qxc8 23. Bg3 Bf6 24. Kh2 Nc4 25. Qc1 Qc6 26. Ne1 e5 27. f3 e4
28. fxe4 Bxe4 29. Bf4 1/2-1/2

[Event "9. Lichtenberger Sommer 2010"]
[Site "Berlin"]
[Date "2010.08.15"]
[Round "9.6"]
[White "Postler, Reinhard"]
[Black "Niehaus, Frank"]
[Result "1/2-1/2"]
[WhiteElo "2327"]
[BlackElo "2201"]
[PlyCount "82"]
[EventDate "2010.??.??"]
[WhiteTeam "TSG Oberschöneweide e.V."]
[BlackTeam "SK König Tegel 1949 e.V."]

1. e4 c5 2. Nf3 d6 3. d4 cxd4 4. Nxd4 Nf6 5. Bb5+ Nbd7 6. Nc3 g6 7. O-O Bg7 8.
Re1 O-O 9. h3 a6 10. Bf1 Qc7 11. Bg5 b5 12. Qd2 Bb7 13. a3 Rfe8 14. Rad1 Nb6
15. Nb3 Rac8 16. Bh6 Bh8 17. Bd3 e5 18. Bg5 d5 19. exd5 Nbxd5 20. Nxd5 Bxd5 21.
Qe3 Bb7 22. c3 Bg7 23. Bxf6 Bxf6 24. Be4 Bxe4 25. Qxe4 Rcd8 26. Qe3 Rxd1 27.
Rxd1 Rd8 28. Rxd8+ Qxd8 29. Nc5 Qd6 30. b4 Kg7 31. Ne4 Qd1+ 32. Kh2 Qd5 33. g4
Be7 34. g5 Qe6 35. Kg3 f5 36. gxf6+ Bxf6 37. Qa7+ Kh6 38. Qa8 Kg7 39. f3 Be7
40. Qa7 Kh6 41. Qe3+ Kg7 1/2-1/2

[Event "9. Lichtenberger Sommer 2010"]
[Site "Berlin"]
[Date "2010.08.15"]
[Round "9.7"]
[White "Fischer, Daniel"]
[Black "Friedrich, Wiede"]
[Result "0-1"]
[WhiteElo "2089"]
[BlackElo "2183"]
[PlyCount "42"]
[EventDate "2010.??.??"]
[WhiteTeam "SK Oberkirch"]
[BlackTeam "USV Potsdam e.V., Abt. Schach"]

1. Nf3 d5 2. c4 c6 3. g3 Nf6 4. Bg2 dxc4 5. Qc2 Be6 6. Ng5 Bd5 7. e4 h6 8. Nh3
Be6 9. Nf4 Bg4 10. h3 e5 11. Ng6 fxg6 12. hxg4 Qd4 13. Qc3 Bc5 14. Qxd4 Bxd4
15. Na3 Nxg4 16. f3 Nf2 17. Nxc4 Nxh1 18. Bxh1 b5 19. Na5 Bb6 20. b4 Na6 21.
Nxc6 Rc8 0-1

[Event "9. Lichtenberger Sommer 2010"]
[Site "Berlin"]
[Date "2010.08.15"]
[Round "9.8"]
[White "Moritz, Aron"]
[Black "Köpke, Christian"]
[Result "0-1"]
[WhiteElo "2027"]
[BlackElo "2381"]
[PlyCount "72"]
[EventDate "2010.??.??"]
[WhiteTeam "SV Empor Berlin e.V."]
[BlackTeam "SC Tarrasch 45 München"]

1. e4 c5 2. Nf3 d6 3. d4 cxd4 4. Nxd4 Nf6 5. Nc3 g6 6. Be3 a6 7. f3 b5 8. Nb3
Bb7 9. Qd2 Bg7 10. Bh6 Bxh6 11. Qxh6 Nbd7 12. Be2 Rc8 13. a3 Qb6 14. h4 d5 15.
O-O-O dxe4 16. h5 gxh5 17. Rd4 Rg8 18. fxe4 Nc5 19. Rhd1 Rg6 20. Qe3 e5 21.
Rd8+ Rxd8 22. Rxd8+ Qxd8 23. Qxc5 Nd7 24. Qb4 Rxg2 25. Kb1 Qe7 26. Qa5 Nc5 27.
Bxb5+ Kf8 28. Nxc5 Qxc5 29. Qd8+ Kg7 30. Be2 Qd4 31. Qh4 Qg1+ 32. Ka2 Bc8 33.
Nd5 Qf2 34. Qe7 Be6 35. Bxh5 h6 36. Qc7 Rg5 0-1

[Event "9. Lichtenberger Sommer 2010"]
[Site "Berlin"]
[Date "2010.08.15"]
[Round "9.9"]
[White "Von Herman, Ulf"]
[Black "Kurz, Christian"]
[Result "1-0"]
[WhiteElo "2400"]
[BlackElo "2133"]
[PlyCount "71"]
[EventDate "2010.??.??"]
[WhiteTeam "SK König Tegel 1949 e.V."]
[BlackTeam "SC Bechhofen 1923 e.V."]

1. d4 d5 2. Nf3 Nf6 3. c4 dxc4 4. Nc3 a6 5. e4 b5 6. e5 Nd5 7. a4 e6 8. axb5
Nb6 9. Be3 axb5 10. Rxa8 Nxa8 11. Nxb5 Nb6 12. Nc3 Ba6 13. Nd2 Nc6 14. Qg4 Nb4
15. Qe4 Be7 16. Be2 O-O 17. O-O Qd7 18. Ra1 Rb8 19. Qg4 Kh8 20. h4 f5 21. exf6
gxf6 22. Qh5 Rg8 23. Bf3 N6d5 24. Bh6 Rg6 25. Be4 f5 26. Bxd5 exd5 27. Nf3 Bd6
28. Kh1 c6 29. Ne2 Qe6 30. Be3 h6 31. Nf4 Bxf4 32. Bxf4 Nd3 33. Ne5 Nxf4 34.
Nxg6+ Qxg6 35. Qxg6 Nxg6 36. Rxa6 1-0

[Event "9. Lichtenberger Sommer 2010"]
[Site "Berlin"]
[Date "2010.08.15"]
[Round "9.10"]
[White "Groß, Thorsten"]
[Black "Brüdigam, Martin"]
[Result "1/2-1/2"]
[WhiteElo "2163"]
[BlackElo "2318"]
[PlyCount "80"]
[EventDate "2010.??.??"]
[WhiteTeam "SC Weisse Dame e.V."]
[BlackTeam "Sfrd. Berlin 1903 e.V."]

1. e4 c5 2. c3 d5 3. exd5 Qxd5 4. d4 Nc6 5. Nf3 Nf6 6. Na3 Bg4 7. Be2 cxd4 8.
Nb5 Rc8 9. Nbxd4 Nxd4 10. cxd4 a6 11. O-O e6 12. Be3 Be7 13. Qa4+ Qd7 14. Qb3
Bxf3 15. Bxf3 Nd5 16. Rac1 O-O 17. a3 b5 18. Qd3 Rfd8 19. Bd2 g6 20. Ba5 Re8
21. g3 Rc6 22. Rxc6 Qxc6 23. Bd2 Rc8 24. Rc1 Qd7 25. Rxc8+ Qxc8 26. Bxd5 exd5
27. Qc3 Qe6 28. Be3 h5 29. h4 Kg7 30. Qc7 Bf6 31. Qc5 Qf5 32. Kh2 Qe6 33. Kg1
Be7 34. Qc7 f6 35. Kh2 Kf7 36. Qb7 Ke8 37. Qb8+ Kf7 38. Qb7 Ke8 39. Qb8+ Bd8
40. Qb7 Be7 1/2-1/2

[Event "9. Lichtenberger Sommer 2010"]
[Site "Berlin"]
[Date "2010.08.15"]
[Round "9.11"]
[White "Glantz, Robert"]
[Black "Schmid, Thomas"]
[Result "1-0"]
[WhiteElo "2207"]
[BlackElo "2268"]
[PlyCount "85"]
[EventDate "2010.??.??"]
[WhiteTeam "Sfrd. Berlin 1903 e.V."]
[BlackTeam "Lübecker SV von 1873"]

1. e4 d5 2. exd5 Qxd5 3. Nc3 Qd6 4. d4 Nf6 5. Nf3 a6 6. Bd3 g6 7. Ne4 Nxe4 8.
Bxe4 Nd7 9. O-O Nf6 10. Bd3 Bg7 11. c4 O-O 12. h3 e6 13. Be3 Rd8 14. Qb3 c6 15.
a4 Rb8 16. a5 Nd7 17. c5 Qc7 18. Bc4 Rf8 19. Bg5 Bf6 20. Qe3 Bxg5 21. Nxg5 Nf6
22. f4 Nd5 23. Qe5 Qxe5 24. fxe5 Kg7 25. Rf3 f5 26. exf6+ Rxf6 27. Bxd5 exd5
28. Rxf6 Kxf6 29. Nxh7+ Kg7 30. Ng5 Bf5 31. Re1 Kf6 32. h4 Rd8 33. Kf2 Bd7 34.
Kf3 Re8 35. Rxe8 Bxe8 36. Kf4 Bd7 37. Nh7+ Kg7 38. Ng5 Kf6 39. Nf3 Bf5 40. Ne5
Be6 41. Ng4+ Kg7 42. Kg5 Bd7 43. Ne5 1-0

[Event "9. Lichtenberger Sommer 2010"]
[Site "Berlin"]
[Date "2010.08.15"]
[Round "9.12"]
[White "Syré, Christian"]
[Black "Bethe, Stephan"]
[Result "1/2-1/2"]
[WhiteElo "2282"]
[BlackElo "2162"]
[PlyCount "98"]
[EventDate "2010.??.??"]
[WhiteTeam "TSG Oberschöneweide e.V."]
[BlackTeam "SC Kreuzberg e.V."]

1. d4 Nf6 2. Nf3 c5 3. e3 g6 4. c3 cxd4 5. exd4 Bg7 6. Bd3 O-O 7. O-O d6 8. Re1
Bg4 9. Nbd2 Nc6 10. h3 Bxf3 11. Nxf3 Nd7 12. Bg5 Kh8 13. Qd2 f6 14. Bh6 e5 15.
Bxg7+ Kxg7 16. Rad1 Rf7 17. Be4 Qc7 18. Bd5 Re7 19. Bxc6 Qxc6 20. dxe5 dxe5 21.
Nd4 Qb6 22. c4 a6 23. b4 Nf8 24. c5 Qc7 25. Qe3 Rd7 26. Nb3 Rad8 27. Rxd7+ Qxd7
28. Na5 Ne6 29. Qe4 Rb8 30. Rc1 Qd4 31. Qe1 Qd5 32. Qd1 Qxd1+ 33. Rxd1 Nd4 34.
Kf1 Kf7 35. Ke1 Ke6 36. Kd2 b6 37. cxb6 Rxb6 38. a3 Rd6 39. Nc4 Nb3+ 40. Ke1
Rc6 41. Rb1 Rxc4 42. Rxb3 Rc2 43. g4 f5 44. gxf5+ gxf5 45. a4 Kd7 46. b5 axb5
47. axb5 Rc4 48. Kd2 Rf4 49. b6 Kc8 1/2-1/2

[Event "9. Lichtenberger Sommer 2010"]
[Site "Berlin"]
[Date "2010.08.15"]
[Round "9.13"]
[White "Magnussen, Helge"]
[Black "Petersen, Soren Boeck"]
[Result "0-1"]
[WhiteElo "2119"]
[BlackElo "2262"]
[PlyCount "48"]
[EventDate "2010.??.??"]
[WhiteTeam "Elmshorner SC von 1896"]
[BlackTeam "Damhus Skakklub"]

1. d4 d5 2. c4 dxc4 3. Nf3 Nf6 4. Nc3 a6 5. a4 Nc6 6. e3 Na5 7. Ne5 Be6 8. Be2
g6 9. e4 Nb3 10. d5 Nxa1 11. Bxc4 Bd7 12. Bg5 b5 13. axb5 axb5 14. Nxb5 Bg7 15.
Nxf7 Qb8 16. Qd2 Bxb5 17. Bxb5+ Kxf7 18. e5 Nc2+ 19. Qxc2 Qxb5 20. exf6 Ra1+
21. Kd2 Qxd5+ 22. Ke2 Rxh1 23. fxg7 Rd8 24. Bxe7 Re8 0-1

[Event "9. Lichtenberger Sommer 2010"]
[Site "Berlin"]
[Date "2010.08.15"]
[Round "9.14"]
[White "Major, Vitalij"]
[Black "Plump, Detlef"]
[Result "0-1"]
[WhiteElo "2071"]
[BlackElo "2258"]
[PlyCount "60"]
[EventDate "2010.??.??"]
[WhiteTeam "SC Zitadelle Spandau 1977 e.V."]
[BlackTeam "Chessclub York"]

1. d4 Nf6 2. c4 e6 3. Nc3 Bb4 4. Qc2 d5 5. a3 Be7 6. Nf3 Nbd7 7. cxd5 exd5 8.
g4 c6 9. g5 Nh5 10. h4 O-O 11. e3 g6 12. Bd3 b5 13. Ne2 Qb6 14. Nf4 Nxf4 15.
exf4 c5 16. h5 cxd4 17. b4 Re8 18. Kf1 Bf8 19. Bb2 Bg7 20. Rc1 Nf8 21. hxg6
fxg6 22. f5 Bxf5 23. Bxf5 gxf5 24. Qxf5 Qe6 25. Qd3 Qe4 26. Qb3 d3 27. Bxg7
Qxf3 28. Rh4 d2 29. Qxf3 dxc1=Q+ 30. Kg2 Kxg7 0-1

[Event "9. Lichtenberger Sommer 2010"]
[Site "Berlin"]
[Date "2010.08.15"]
[Round "9.15"]
[White "Kanellopoulos, Panayotis"]
[Black "Nötzel, Felix"]
[Result "1-0"]
[WhiteElo "2268"]
[BlackElo "1966"]
[PlyCount "95"]
[EventDate "2010.??.??"]
[WhiteTeam "Patras Chess Club"]
[BlackTeam "SC Borussia Friedrichsfelde 1920"]

1. c4 e6 2. b3 d5 3. Bb2 Nf6 4. Nf3 Bd6 5. g3 O-O 6. Bg2 Nbd7 7. Nc3 c6 8. O-O
Re8 9. Qc2 Ne5 10. Nxe5 Bxe5 11. f4 Bd6 12. d4 Ng4 13. Qd3 f5 14. a4 Qe7 15. c5
Bc7 16. b4 Kh8 17. Bc1 Nf6 18. b5 Ne4 19. Nxe4 dxe4 20. Qc3 Bd7 21. Rb1 Red8
22. Ba3 Be8 23. b6 axb6 24. cxb6 Bd6 25. Bxd6 Qxd6 26. Rb4 Ra5 27. Rc4 Rda8 28.
Ra1 Bh5 29. Kf2 Bf7 30. e3 Qd8 31. Qb4 e5 32. Rc5 Rxc5 33. Qxc5 exd4 34. Qxd4
Qxd4 35. exd4 Ra5 36. Bf1 Kg8 37. Ke3 Kf8 38. Kd2 Ke7 39. Kc3 Kd6 40. Kb4 Ra8
41. a5 Bh5 42. Bc4 h6 43. a6 bxa6 44. Ka5 g5 45. b7 Re8 46. Kb6 e3 47. Rxa6 e2
48. Bxe2 1-0

[Event "9. Lichtenberger Sommer 2010"]
[Site "Berlin"]
[Date "2010.08.15"]
[Round "9.16"]
[White "Hohn, August"]
[Black "Jahnz, Fabian"]
[Result "0-1"]
[WhiteElo "2031"]
[BlackElo "2186"]
[PlyCount "36"]
[EventDate "2010.??.??"]
[WhiteTeam "SC Zugzwang 95 e.V."]
[BlackTeam "SK König Tegel 1949 e.V."]

1. c4 e5 2. Nc3 Nf6 3. Nf3 Nc6 4. g3 d5 5. cxd5 Nxd5 6. Bg2 Nb6 7. O-O Be7 8.
d3 O-O 9. Be3 Bg4 10. Nd2 f5 11. f4 exf4 12. gxf4 Bf6 13. Nf3 Re8 14. Bxb6 axb6
15. Qb3+ Kh8 16. Nd5 Bxf3 17. Bxf3 Nd4 18. Qc4 b5 0-1

[Event "9. Lichtenberger Sommer 2010"]
[Site "Berlin"]
[Date "2010.08.15"]
[Round "9.17"]
[White "Kalinitschew, Sergey"]
[Black "Keil, Uwe"]
[Result "1-0"]
[WhiteElo "2462"]
[BlackElo "2151"]
[PlyCount "47"]
[EventDate "2010.??.??"]
[WhiteTeam "SC Kreuzberg e.V."]
[BlackTeam "SC Friesen Lichtenberg e.V."]

1. d4 Nf6 2. Nf3 e6 3. c4 c5 4. d5 exd5 5. cxd5 d6 6. e4 g6 7. Bd3 Bg7 8. O-O
O-O 9. Nbd2 Re8 10. Re1 a6 11. a4 Bg4 12. Qb3 Qc7 13. h3 Bxf3 14. Nxf3 Nbd7 15.
Bf4 Nh5 16. Bh2 Ne5 17. Be2 Rab8 18. Nxe5 Bxe5 19. Bxh5 Bxh2+ 20. Kxh2 gxh5 21.
Qf3 Re5 22. Qg3+ Kh8 23. f4 Rg8 24. Qe3 1-0

[Event "9. Lichtenberger Sommer 2010"]
[Site "Berlin"]
[Date "2010.08.15"]
[Round "9.18"]
[White "Vogel, Robert"]
[Black "Schulz, Stefanie"]
[Result "1-0"]
[WhiteElo "2284"]
[BlackElo "2083"]
[PlyCount "115"]
[EventDate "2010.??.??"]
[WhiteTeam "SGem Pang/Rosenheim"]
[BlackTeam "SK König Tegel 1949 e.V."]

1. d4 Nf6 2. c4 c5 3. d5 e6 4. Nc3 exd5 5. cxd5 d6 6. e4 g6 7. Bd3 Bg7 8. Nge2
a6 9. a4 O-O 10. O-O Qc7 11. h3 Nbd7 12. f4 Re8 13. Ng3 Rb8 14. Be3 c4 15. Bc2
b5 16. axb5 axb5 17. Ra7 Qd8 18. Qf3 b4 19. Nce2 Rb7 20. Raa1 Qc7 21. Ba4 Rf8
22. Bc6 Rb6 23. Rfc1 c3 24. bxc3 b3 25. Rcb1 Ba6 26. Qf2 Rxc6 27. dxc6 Qxc6 28.
Rxb3 Bxe2 29. Qxe2 Nxe4 30. Nxe4 Qxe4 31. Rb4 Qe6 32. Qd3 Nc5 33. Bxc5 dxc5 34.
Rc4 Rc8 35. Rf1 f5 36. Rd1 Bf8 37. Kf2 Be7 38. Qd5 Kf7 39. Ra4 Qxd5 40. Rxd5
Rd8 41. Rxd8 Bxd8 42. Ra7+ Be7 43. Ke3 Ke6 44. Kd3 h6 45. Kc4 Bd6 46. Ra6 g5
47. fxg5 hxg5 48. Rc6 Ke5 49. Kb5 Be7 50. Rc7 Bf6 51. Rxc5+ Kf4 52. c4 g4 53.
Rd5 Bh4 54. c5 Ke4 55. Kc4 gxh3 56. gxh3 Be1 57. c6 Bg3 58. h4 1-0

[Event "9. Lichtenberger Sommer 2010"]
[Site "Berlin"]
[Date "2010.08.15"]
[Round "9.19"]
[White "Thier, Jürgen"]
[Black "Höckendorf, Hartmut"]
[Result "0-1"]
[WhiteElo "2073"]
[BlackElo "2232"]
[PlyCount "124"]
[EventDate "2010.??.??"]
[WhiteTeam "SF Heidelberg"]
[BlackTeam "BSG Pneumant Fürstenwalde e.V."]

1. Nf3 Nf6 2. c4 g6 3. Nc3 Bg7 4. e4 d6 5. d4 O-O 6. h3 e5 7. d5 a5 8. Bg5 Na6
9. g4 Nc5 10. Nd2 Bd7 11. Be2 Qc8 12. Rg1 h6 13. Be3 Ne8 14. Nb3 Na4 15. Nxa4
Bxa4 16. Qd2 Kh7 17. Nxa5 b6 18. Nc6 Bxc6 19. dxc6 Nf6 20. f3 Qe8 21. c5 dxc5
22. Bb5 Qe6 23. b3 Ra5 24. Qe2 Rfa8 25. Kf2 Ne8 26. Bc4 Qe7 27. a4 Nd6 28. Rad1
Bf6 29. Rd2 Rd8 30. Rgd1 Bh4+ 31. Kg2 Bg5 32. Bxg5 hxg5 33. Rd5 Raa8 34. Kg3
Qf6 35. R1d2 Kg7 36. Qd1 Rh8 37. Rxd6 cxd6 38. Bf1 Rhd8 39. Rd5 Rac8 40. Bb5
Kf8 41. b4 cxb4 42. Qg1 b3 43. Qxb6 Qf4+ 44. Kg2 Qc1 45. Qg1 b2 46. Rd1 Qc2+
47. Kg3 d5 48. exd5 Rxd5 49. Rb1 Rd2 50. h4 gxh4+ 51. Kxh4 Kg7 52. Kg3 Rh8 53.
c7 Qxc7 54. Qe3 Qe7 55. g5 Rhh2 56. Bf1 Qe6 57. a5 Qf5 58. a6 Qxb1 59. Qxe5+
Kh7 60. a7 Qxf1 61. a8=Q Rh3+ 62. Kf4 Rh4+ 0-1

[Event "9. Lichtenberger Sommer 2010"]
[Site "Berlin"]
[Date "2010.08.15"]
[Round "9.20"]
[White "Guenther, Thomas"]
[Black "Dimitrijeski, Kristian"]
[Result "1-0"]
[WhiteElo "2096"]
[BlackElo "2229"]
[PlyCount "219"]
[EventDate "2010.??.??"]
[WhiteTeam "SV Senat"]
[BlackTeam "SK König Tegel 1949 e.V."]

1. d4 d5 2. Nf3 c6 3. e3 Nf6 4. Bd3 Bg4 5. Nbd2 Nbd7 6. c4 e5 7. cxd5 Bxf3 8.
Qxf3 Nxd5 9. O-O Qf6 10. dxe5 Nxe5 11. Qxf6 Nxf6 12. Be2 O-O-O 13. Nc4 Bd6 14.
f3 Bc7 15. e4 Nfd7 16. Bg5 f6 17. Be3 Nxc4 18. Bxc4 Ne5 19. Be6+ Kb8 20. Rfd1
Nd3 21. Rd2 Ba5 22. Rc2 Rd6 23. Bc4 Ne5 24. Be2 Rhd8 25. a3 Bb6 26. Bxb6 axb6
27. Rac1 b5 28. Kf1 Ka7 29. f4 Nd3 30. Bxd3 Rxd3 31. Re1 Re8 32. e5 fxe5 33.
fxe5 Rd5 34. e6 Rf5+ 35. Kg1 Rf6 36. e7 Rf7 37. Rce2 Kb6 38. b4 Kc7 39. h3 Rf6
40. Kh2 Rd6 41. Re3 b6 42. Kg1 Rf6 43. R1e2 Kd7 44. Rd2+ Rd6 45. Rde2 Rf6 46.
Rd2+ Kc7 47. Rde2 Rf5 48. g4 Rf6 49. Kg2 c5 50. Kg3 c4 51. Re5 Kc6 52. g5 Rf7
53. h4 g6 54. Kg4 c3 55. R5e3 Kd5 56. Rxc3 Rexe7 57. Rd2+ Ke4 58. Rcd3 Rf1 59.
Rd4+ Ke3 60. R2d3+ Ke2 61. Rd2+ Ke3 62. R4d3+ Ke4 63. Re2+ Kxd3 64. Rxe7 Rg1+
65. Kf3 Ra1 66. Rxh7 Rxa3 67. Rh6 Ra4 68. Rxg6 Rxb4 69. h5 Rh4 70. h6 b4 71.
Rxb6 Kc3 72. Rb7 b3 73. h7 b2 74. g6 Rh6 75. Rxb2 Kxb2 76. g7 Rxh7 77. g8=Q
Rh3+ 78. Kg2 Rd3 79. Kf2 Kc3 80. Qg7+ Kc4 81. Ke2 Rd5 82. Ke3 Rc5 83. Qd4+ Kb5
84. Qd7+ Kb6 85. Qd6+ Kb5 86. Kd3 Rc6 87. Qd7 Kc5 88. Kc3 Rd6 89. Qc7+ Kd5 90.
Kd3 Ke5+ 91. Kc4 Ke6 92. Kc5 Rd5+ 93. Kc6 Rd4 94. Qc8+ Ke5 95. Qe8+ Kf4 96. Kc5
Re4 97. Qg6 Ke3 98. Qg3+ Kd2 99. Kd5 Re3 100. Qf4 Kd3 101. Qc4+ Kd2 102. Kd4
Rf3 103. Qa2+ Ke1 104. Ke4 Rf2 105. Qb1+ Ke2 106. Qd3+ Ke1 107. Qg3 Ke2 108.
Qg1 Rf1 109. Qe3+ Kd1 110. Kd3 1-0

[Event "9. Lichtenberger Sommer 2010"]
[Site "Berlin"]
[Date "2010.08.15"]
[Round "9.66"]
[White "Rietze, Clemens"]
[Black "Ross, Chris N"]
[Result "0-1"]
[WhiteElo "2231"]
[BlackElo "2207"]
[PlyCount "92"]
[EventDate "2010.??.??"]
[WhiteTeam "USV Potsdam e.V., Abt. Schach"]
[BlackTeam "New England"]

1. e4 c5 2. Nf3 e6 3. d4 cxd4 4. Nxd4 Nc6 5. Nc3 Qc7 6. Be2 a6 7. O-O Nf6 8.
Be3 Bb4 9. Na4 Bd6 10. Nxc6 bxc6 11. f4 Nxe4 12. Qd4 Nf6 13. Nb6 Rb8 14. Nxc8
Rxc8 15. Bxa6 c5 16. Qc4 Rb8 17. Bb5 O-O 18. a4 Be7 19. Qe2 d5 20. b3 Ne4 21.
Bd3 f5 22. a5 Bf6 23. a6 Bxa1 24. Rxa1 Nd6 25. Bd2 Rfe8 26. Qe5 Rbc8 27. a7 Qd7
28. Ra6 Ne4 29. Be1 Ra8 30. Qa1 Re7 31. Bh4 Ree8 32. Ra5 Qc7 33. Bb5 Rec8 34.
Ra6 Qxf4 35. Bd7 Rd8 36. Bxe6+ Kh8 37. Bg3 Nxg3 38. hxg3 Qxg3 39. Qd1 Qc7 40.
Qa1 Qf4 41. Qd1 Qe3+ 42. Kf1 Qf4+ 43. Kg1 c4 44. Bxd5 cxb3 45. cxb3 Qe3+ 46.
Kh2 Qe5+ 0-1